| Tag |
First Indicator |
Second Indicator |
Subfields |
| LEADER |
00000pam a2200000 a 4500 |
| 001 |
in00000077823 |
| 005 |
20151008055030.0 |
| 008 |
810108s1981 enka b 00110 engm |
| 010 |
|
|
|a 80041588
|
| 015 |
|
|
|a GB81
|
| 020 |
|
|
|a 0471279285 :
|c 28.00
|
| 035 |
|
|
|a (OCoLC)07197392
|
| 035 |
|
|
|9 AAJ2373AM
|
| 039 |
0 |
|
|a 2
|b 3
|c 3
|d 3
|e 3
|
| 040 |
|
|
|a DLC
|c DLC
|d TXA
|d UtOrBLW
|
| 049 |
|
|
|a TXAM
|c [387510]
|
| 050 |
0 |
0 |
|a HD1417
|b .A76
|
| 082 |
0 |
|
|a 338.1/09172/4
|2 19
|
| 100 |
1 |
|
|a Arnon, I.,
|d 1909-2005.
|
| 245 |
1 |
0 |
|a Modernization of agriculture in developing countries :
|b resources, potentials, and problems /
|c I. Arnon.
|
| 264 |
|
1 |
|a Chichester ;
|a New York :
|b Wiley,
|c [1981]
|
| 264 |
|
4 |
|c ©1981
|
| 300 |
|
|
|a xxiii, 565 pages :
|b illustrations ;
|c 24 cm.
|
| 336 |
|
|
|a text
|b txt
|2 rdacontent
|
| 337 |
|
|
|a unmediated
|b n
|2 rdamedia
|
| 338 |
|
|
|a volume
|b nc
|2 rdacarrier
|
| 490 |
1 |
|
|a Environmental monographs and symposia
|
| 500 |
|
|
|a "A Wiley-Interscience publication."
|
| 504 |
|
|
|a Includes bibliographies and indexes.
|
| 651 |
|
0 |
|a Developing countries
|x Agriculture.
|
| 830 |
|
0 |
|a Environmental monographs and symposia.
|
| 999 |
|
|
|a MARS
|
| 999 |
f |
f |
|s 13b143d0-ebfe-3eec-b486-034389eda299
|i cca517df-1122-3af4-8dcf-cd71a3051691
|t 0
|
| 952 |
f |
f |
|p normal
|a Texas A&M University
|b College Station
|c Sterling C. Evans Library
|d Evans: Library Stacks
|t 0
|e HD1417 .A76
|h Library of Congress classification
|i unmediated -- volume
|m A14806126152
|
| 998 |
f |
f |
|a HD1417 .A76
|t 0
|l Evans: Library Stacks
|